000
00320nam a2200121Ia 4500
008
210716s2004 xx 000 0 und d
041
_a
eng
082
_a
303.484 ICFA
245
_a
Case studies on innovation in India.
250
_a
1
260
_a
Hyderabad
_b
ICFAI centre for management research
_c
2004
300
_a
275
999
_c
199547
_d
199547